[Event "Utrecht OKU op-B 45th"]
[Site "Utrecht"]
[Date "2018.06.02"]
[Round "3"]
[White "Adema, Marrit"]
[Black "Schoenmakers, Nico"]
[Result "0-1"]
[WhiteElo "1542"]
[BlackElo "1710"]
[PlyCount "44"]
[EventDate "2018.06.01"]
[EventType "swiss"]
[EventRounds "6"]
[EventCountry "NED"]
[SourceTitle "EXT 2019"]
[Source "ChessBase"]
[SourceDate "2018.10.10"]
[SourceVersion "1"]
[SourceVersionDate "2018.10.10"]
[SourceQuality "1"]

1. d4 d5 2. c4 e6 3. Nc3 c6 4. Nf3 Nf6 5. e3 Be7 6. Bd3 dxc4 7. Bxc4 b5 8. Bb3 a6 9. a3 Bb7 10. 0-0 Nbd7 11. e4 c5 12. e5 Ne4 13. Nxe4 Bxe4 14. dxc5 Nxc5 15. Nd4 Nxb3 16. Nxb3 Qxd1 17. Rxd1 Bc2 18. Rd4 Bxb3 19. Rg4 Bc2 20. h4 g6 21. Bh6 Rd8 22. Kh2 Bf5 0-1

[Event "Prague Holiday K21"]
[Site "Prague"]
[Date "2017.07.25"]
[Round "4"]
[White "Schoenmakers, Nico"]
[Black "Sittinger, Lutz"]
[Result "1/2-1/2"]
[WhiteElo "1808"]
[BlackElo "1867"]
[PlyCount "63"]
[EventDate "2017.07.23"]
[EventType "tourn"]
[EventRounds "9"]
[EventCountry "CZE"]
[SourceTitle "EXT 2023"]
[Source "ChessBase"]
[SourceDate "2022.10.05"]
[SourceVersion "1"]
[SourceVersionDate "2022.10.05"]
[SourceQuality "1"]

1. e4 e5 2. Nf3 Nc6 3. Bb5 a6 4. Ba4 b5 5. Bb3 Bc5 6. c3 Nf6 7. d3 h6 8. 0-0 0-0 9. h3 Bb7 10. Re1 Re8 11. Nbd2 d6 12. Nf1 Qd7 13. Be3 Bxe3 14. Nxe3 Ne7 15. Rc1 Rad8 16. a4 c6 17. axb5 axb5 18. Qc2 Ng6 19. c4 Rc8 20. cxb5 cxb5 21. Qd2 Rxc1 22. Rxc1 Nf4 23. Kh2 d5 24. exd5 N4xd5 25. Nxd5 Bxd5 26. Bxd5 Qxd5 27. Re1 Qd6 28. Kg1 Kf8 29. Qc3 e4 30. dxe4 Nxe4 31. Qc2 Qc5 32. Qxc5+ 1/2-1/2

[Event "Prague Holiday K31"]
[Site "Prague"]
[Date "2015.08.05"]
[Round "6"]
[White "Pokorny, Jan1111"]
[Black "Schoenmakers, Nico"]
[Result "1/2-1/2"]
[WhiteElo "1803"]
[BlackElo "1866"]
[PlyCount "51"]
[EventDate "2015.08.02"]
[EventType "tourn"]
[EventRounds "9"]
[EventCountry "CZE"]
[SourceTitle "EXT 2017"]
[Source "ChessBase"]
[SourceDate "2016.10.25"]
[SourceVersion "1"]
[SourceVersionDate "2016.10.25"]
[SourceQuality "1"]

1. Nf3 d5 2. b3 c6 3. Bb2 e6 4. e3 Nd7 5. a4 Ngf6 6. Be2 Be7 7. 0-0 b6 8. Ne5 Nxe5 9. Bxe5 Bb7 10. d4 0-0 11. Nd2 Nd7 12. Bg3 c5 13. c3 Nb8 14. dxc5 Bxc5 15. b4 Bd6 16. Bxd6 Qxd6 17. a5 Nd7 18. Nf3 Nf6 19. Qb3 Rac8 20. axb6 axb6 21. Ba6 Qc7 22. Bxb7 Qxb7 23. Nd2 Ra8 24. h3 Ra7 25. Rxa7 Qxa7 26. c4 1/2-1/2

[Event "Prague Holiday K21"]
[Site "Prague"]
[Date "2013.07.22"]
[Round "3"]
[White "Hanl, Frantisek"]
[Black "Schoenmakers, Nico"]
[Result "1/2-1/2"]
[WhiteElo "1961"]
[BlackElo "1916"]
[PlyCount "36"]
[EventDate "2013.07.21"]
[EventType "tourn"]
[EventRounds "9"]
[EventCountry "CZE"]
[SourceTitle "EXT 2023"]
[Source "ChessBase"]
[SourceDate "2022.10.05"]
[SourceVersion "1"]
[SourceVersionDate "2022.10.05"]
[SourceQuality "1"]

1. e4 e5 2. Nc3 Nc6 3. Bc4 d6 4. Nge2 Nf6 5. d3 Be7 6. 0-0 0-0 7. f4 exf4 8. Nxf4 Na5 9. Bb3 Nxb3 10. axb3 Bd7 11. Nfd5 Nxd5 12. Nxd5 Be6 13. Nxe7+ Qxe7 14. Qe1 Rae8 15. Qg3 f5 16. exf5 Rxf5 17. Rxf5 Bxf5 18. Bg5 Qe5 1/2-1/2

[Event "Prague Holiday K21"]
[Site "Prague"]
[Date "2012.07.25"]
[Round "6"]
[White "Schoenmakers, Nico"]
[Black "Schimmer, Michael"]
[Result "1-0"]
[WhiteElo "1916"]
[BlackElo "1884"]
[PlyCount "79"]
[EventDate "2012.07.22"]
[EventType "tourn"]
[EventRounds "9"]
[EventCountry "CZE"]
[SourceTitle "EXT 2023"]
[Source "ChessBase"]
[SourceDate "2022.10.05"]
[SourceVersion "1"]
[SourceVersionDate "2022.10.05"]
[SourceQuality "1"]

1. e4 d6 2. f4 g6 3. Nf3 Bg7 4. Bc4 Nf6 5. Nc3 0-0 6. d3 a6 7. a4 c5 8. 0-0 Nc6 9. Kh1 Rb8 10. Be3 Na5 11. Ba2 b5 12. axb5 axb5 13. Qd2 b4 14. Nd1 b3 15. Bb1 bxc2 16. Bxc2 Nb3 17. Bxb3 Rxb3 18. Nc3 Qb6 19. Ra2 e6 20. Qc2 Bd7 21. Nd2 Rb4 22. Nc4 Qb8 23. Rfa1 Bc6 24. Bd2 Ng4 25. Nd1 Rb3 26. h3 Nf6 27. Nxd6 Rd8 28. e5 Ne8 29. Ba5 Rd7 30. Qxc5 Bd5 31. Ra3 Nxd6 32. exd6 Rxd6 33. Rxb3 Qxb3 34. Qxd6 Qxd3 35. Qb8+ Bf8 36. Nf2 Qg3 37. Rg1 Qxf2 38. Bb4 Bxg2+ 39. Rxg2 Qf1+ 40. Kh2 1-0

[Event "Prague Holiday K21"]
[Site "Prague"]
[Date "2012.07.22"]
[Round "1"]
[White "Hadzala, Daniel"]
[Black "Schoenmakers, Nico"]
[Result "1/2-1/2"]
[WhiteElo "2126"]
[BlackElo "1916"]
[PlyCount "83"]
[EventDate "2012.07.22"]
[EventType "tourn"]
[EventRounds "9"]
[EventCountry "CZE"]
[SourceTitle "EXT 2023"]
[Source "ChessBase"]
[SourceDate "2022.10.05"]
[SourceVersion "1"]
[SourceVersionDate "2022.10.05"]
[SourceQuality "1"]

1. Nf3 d5 2. g3 c6 3. Bg2 Nf6 4. 0-0 e6 5. d3 Bd6 6. Nbd2 0-0 7. e4 Qc7 8. c3 Nbd7 9. Qc2 e5 10. a3 dxe4 11. dxe4 b5 12. c4 b4 13. axb4 Bxb4 14. b3 Nc5 15. Ba3 Bxa3 16. Rxa3 Bg4 17. Rfa1 Bxf3 18. Bxf3 Rfe8 19. Kg2 Ne6 20. c5 Nd4 21. Qa2 Re7 22. Nc4 Nb5 23. Ra6 Rd8 24. Nd6 Nxd6 25. cxd6 Qxd6 26. Rd1 Qb8 27. Rxa7 Rxa7 28. Qxa7 g6 29. Qxb8 Rxb8 30. Rd6 Kg7 31. Bd1 Rb6 32. f3 Ne8 33. Rd3 Nc7 34. f4 exf4 35. gxf4 Ne6 36. Kf3 Rb4 37. Ke3 Kf6 38. Rc3 c5 39. Be2 Nd4 40. Rxc5 Nxe2 41. Kxe2 Rxb3 42. Rc6+ 1/2-1/2